An Introduction to modern education /

Saved in:
Bibliographic Details
Other Authors: Skinner, Charles E. (Charles Edward), 1891-, Langfitt, R. Emerson
Format: Book
Language:English
Published: Boston : Heath, c1937.
Subjects:
LEADER 00878nam a2200229 a 4500
001 c000016970
003 CARM
005 00000000000000.0
008 s1937 mau 00000 eng d
019 1 |a 7119384  |z 28204758  |5 LACONCORD2021 
035 |a (OCoLC)3124128  |5 LACONCORD2021 
040 |a VU  |c VU 
245 0 3 |a An Introduction to modern education /  |c edited by Charles E. Skinner and R. Emerson Langfitt. 
260 |a Boston :  |b Heath,  |c c1937. 
300 |a 491 p. 
650 0 |a Educational psychology. 
650 0 |a Education  |z United States. 
700 1 |a Skinner, Charles E.  |q (Charles Edward),  |d 1891- 
700 1 |a Langfitt, R. Emerson. 
852 8 |b CARM  |h A2:AH34A0  |i B03795  |p 0182798  |f BK 
999 f f |i ae9942b2-47ab-58c8-8868-0def99472c04  |s 56f23400-dbd0-548f-bb5d-f652ce2732ee 
952 f f |p Can circulate  |a CAVAL  |b CAVAL  |c CAVAL  |d CARM 1 Store  |e B03795  |f A2:AH34A0  |h Other scheme  |i book  |m 0182798